[Event "ch-COL"]
[Site "Cali COL"]
[Date "2003.07.26"]
[Round "8"]
[White "Zapata,A"]
[Black "Diaz Cordoba,F"]
[Result "0-1"]
[WhiteElo "2543"]
[BlackElo "2235"]

1.e4 c5 2.Nf3 e6 3.d4 cxd4 4.Nxd4 Nc6 5.Nc3 Qc7 6.Be2 a6 7.O-O Nf6 8.Kh1 Nxd4
9.Qxd4 Bc5 10.Qd3 b5 11.f4 Bb7 12.Bf3 h5 13.a4 b4 14.e5 Ng4 15.Bxb7 Qxb7
16.Ne4 Rc8 17.Bd2 Be7 18.c3 bxc3 19.Bxc3 Nh6 20.Rad1 h4 21.Qf3 Qb3 22.a5 Nf5
23.Rd3 Qb5 24.Rfd1 Rd8 25.Qe2 Qc6 26.Be1 h3 27.g3 d5 28.Nd2 d4+ 29.Qf3 Qc2
30.Nf1 f6 31.R3d2 Qc4 32.exf6 gxf6 33.Bf2 Kf7 34.g4 Nh6 35.Ng3 Nxg4 36.Bxd4 Bb4
37.Qb7+ Kg6 38.f5+ exf5 39.Qf3 Qd5 40.Qxd5 Rxd5 41.Rd3 Re8 42.Kg1 f4 43.Nf1 Re2
44.Rxh3 Rxd4  0-1

[Event "3rd Savaria Summer Open"]
[Site "Szombathely HUN"]
[Date "2003.07.26"]
[Round "8"]
[White "Berescu,A"]
[Black "Leviczki,T"]
[Result "1-0"]
[WhiteElo "2400"]
[BlackElo "2250"]

1.e4 c5 2.Nf3 e6 3.d4 cxd4 4.Nxd4 Nc6 5.Nc3 Qc7 6.g3 a6 7.Bg2 Nf6 8.O-O Be7
9.a4 O-O 10.Kh1 d6 11.f4 Rd8 12.Nb3 b6 13.g4 d5 14.exd5 Nxd5 15.Nxd5 exd5
16.c3 Bb7 17.Be3 Rab8 18.Nd4 Na5 19.Nf5 Bf8 20.Bd4 Nc6 21.Bg1 Na5 22.Qc2 Ba8
23.g5 b5 24.b4 Nc6 25.Qd3 Qd7 26.axb5 axb5 27.Nd4 Nxd4 28.Bxd4 Qc6 29.Ra7 Bb7
30.Ra5 Qc4 31.Rd1 Qxd3 32.Rxd3 Bc6 33.Ra6 Rbc8 34.Kg1 Bb7 35.Rb6 Rc7 36.Be5 Re7
37.Rxb5 Red7 38.Rb6 Ba8 39.Kf2 Bb7 40.c4  1-0

[Event "3rd Savaria Summer Open"]
[Site "Szombathely HUN"]
[Date "2003.07.26"]
[Round "8"]
[White "Meshcheriakova,E"]
[Black "Csiszar,C"]
[Result "1/2-1/2"]
[WhiteElo "2257"]
[BlackElo "2393"]

1.e4 c5 2.Nf3 Nc6 3.Nc3 e6 4.d4 cxd4 5.Nxd4 Qc7 6.Nb3 Nf6 7.f4 d6 8.Bd3 Be7
9.Be3 a6 10.O-O Na5 11.Qe2 Nxb3 12.axb3 Bd7  1/2-1/2

[Event "3rd Savaria Summer Open"]
[Site "Szombathely HUN"]
[Date "2003.07.26"]
[Round "8"]
[White "Zakharchenko,A"]
[Black "Horvath,Gy1"]
[Result "0-1"]
[WhiteElo "2351"]
[BlackElo "2443"]

1.e4 c5 2.Nf3 e6 3.d4 cxd4 4.Nxd4 Nc6 5.Nc3 Qc7 6.g3 a6 7.Bg2 Nf6 8.O-O Bc5
9.Nb3 Ba7 10.Kh1 h5 11.Qe2 h4 12.Bf4 d6 13.g4 e5 14.Nd5 Nxd5 15.exd5 Ne7
16.Be3 h3 17.Be4 Bxe3 18.fxe3 Bd7 19.c4 b6 20.Rac1 Rc8 21.g5 g6 22.Bd3 Bf5
23.e4 Bd7 24.Qf3 Rh7 25.Rg1 a5 26.Qe2 a4 27.Nd2 Qc5 28.Nf3 b5 29.Qd2 b4 30.Rg3 Kd8
31.Bf1 Kc7 32.Ng1 Rh4 33.Qd3 Rch8 34.Bxh3 Kb6 35.Kg2 Bc8 36.Rf1 R8h7 37.Rff3 Qd4
38.Qxd4+ exd4 39.Bxc8 Nxc8 40.Rh3 Rg4+ 41.Kf2 Rxh3 42.Nxh3 Rxe4 43.Nf4 Ne7
44.Nd3 Nf5 45.b3 Rh4 46.h3 axb3 47.axb3 Ka5 48.Nf4 Kb6 49.Ke2 Rh8 50.Nd3 Ka5
51.Rf1 Rxh3 52.Ra1+ Kb6 53.Ra4 Re3+  0-1

[Event "ch-COL"]
[Site "Cali COL"]
[Date "2003.07.27"]
[Round "10"]
[White "Martinez,Cr"]
[Black "Diaz Cordoba,F"]
[Result "0-1"]
[WhiteElo "2279"]
[BlackElo "2235"]

1.e4 c5 2.Nf3 e6 3.d4 cxd4 4.Nxd4 Nc6 5.Nc3 Qc7 6.Be3 a6 7.Qd2 Nf6 8.f3 b5
9.O-O-O Bb4 10.Nxc6 dxc6 11.Bf4 Qb6 12.Bd6 Bxd6 13.Qxd6 Ra7 14.Qg3 O-O 15.Bd3 b4
16.Ne2 a5 17.e5 Nd5 18.f4 a4 19.Be4 Ba6 20.Bxd5 Bxe2 21.Rd2 cxd5 22.Rxe2 a3
23.Qe3 axb2+ 24.Kxb2 d4 25.Qd3 Ra3  0-1

[Event "3rd Savaria Summer Open"]
[Site "Szombathely HUN"]
[Date "2003.07.27"]
[Round "9"]
[White "Feletar,D"]
[Black "Szabo,K"]
[Result "1-0"]
[WhiteElo "2420"]
[BlackElo "2277"]

1.e4 c5 2.Nc3 Nc6 3.Nf3 e6 4.d4 cxd4 5.Nxd4 Qc7 6.Be3 a6 7.Qd2 b5 8.O-O-O Bb7
9.f3 Nf6 10.g4 h6 11.h4 b4 12.Na4 d5 13.Bh3 Ne5 14.g5 Nfd7 15.f4 Nc4 16.Qe2 Nxe3
17.Qxe3 dxe4 18.g6 f5 19.Nxe6 Qa5 20.b3 Rc8 21.Qd4 Bc6 22.Qc4 Qb5 23.Nxg7+ Bxg7
24.Qf7+ Kd8 25.Qxg7 Kc7 26.Bf1 Qa5 27.Bc4 Rhe8 28.Qd4 Kb8 29.g7 Qc7 30.Qd6 Qxd6
31.Rxd6 Bxa4 32.g8=Q Rxg8 33.Bxg8 Rxg8 34.bxa4 Kc7 35.Rxh6 Rg4 36.h5 Rxf4
37.Rxa6 e3 38.Re6 Rf3 39.h6 Nf8 40.Re8 Ng6 41.h7 Kd7 42.Rg8 e2 43.Re1 Rf1
44.Kd2 Ne5 45.Kxe2  1-0

[Event "3rd Savaria Summer Open"]
[Site "Szombathely HUN"]
[Date "2003.07.27"]
[Round "9"]
[White "Rigo,Z"]
[Black "Kakuk,S"]
[Result "1/2-1/2"]
[WhiteElo "2384"]
[BlackElo "2208"]

1.e4 c5 2.Nf3 e6 3.d4 cxd4 4.Nxd4 Nc6 5.Nc3 Qc7 6.Be2 a6 7.O-O Nf6 8.Be3 Bb4
9.Na4 b5 10.Nxc6 dxc6 11.Bc5 Bxc5 12.Nxc5 O-O 13.b4 Nd7 14.Qd4 e5 15.Qc3 Nxc5
16.Qxc5 Be6 17.a4 Rac8 18.Rfd1 h6 19.Rd6 Rfd8 20.Rxd8+ Qxd8 21.Rd1 Qg5 22.g3 Bg4
23.h4 Qh5 24.Bxg4 Qxg4 25.Re1 Qd7 26.a5 Qd4 27.Qxd4 exd4 28.Rd1 c5 29.bxc5 Rxc5
30.Rxd4 Rc6 31.Rd8+ Kh7 32.Kg2 Kg6 33.Rb8 f6 34.Rb6 Rxc2 35.Rxa6 Ra2 36.Ra7 b4
37.Rb7 Rxa5 38.Rxb4 Ra7 39.Rb5 h5 40.Kf3 Kh6 41.Kf4 g6 42.Rb6 Kg7 43.Rc6 Rb7
44.Ra6 Rc7 45.Rd6 Rb7 46.Ra6 Rc7 47.Ra4 Rb7 48.Rd4 Ra7 49.Ke3 Kh7 50.Rc4 Rb7
51.Kd4 Kg7 52.Ke3 Kf7 53.Rc3 Ra7 54.f4 Rb7 55.Rd3 Ra7 56.Rc3 Rb7 57.Rd3 Ra7
58.e5 Rb7 59.Kd4 Ke6 60.Ke4 fxe5 61.fxe5 Rb4+ 62.Rd4 Rb6 63.Kf4 Rb3 64.Rd6+ Kf7
65.Rf6+ Kg7 66.Ke4 Rxg3 67.Rf4 g5 68.hxg5 Rxg5 69.e6 Rg4 70.Kf5 Rxf4+ 71.Kxf4 Kf6
72.e7 Kxe7 73.Kg5 Kf7 74.Kxh5  1/2-1/2

[Event "MTO"]
[Site "Biel SUI"]
[Date "2003.07.29"]
[Round "8"]
[White "Beshukov,S"]
[Black "Pavlovic,Mi1"]
[Result "0-1"]
[WhiteElo "2507"]
[BlackElo "2569"]

1.e4 c5 2.Nc3 e6 3.Nf3 Nc6 4.d4 cxd4 5.Nxd4 Nf6 6.g3 d6 7.Bg2 Bd7 8.O-O a6
9.Nb3 b5 10.a3 Be7 11.h3 O-O 12.f4 Bc8 13.e5 Qb6+ 14.Kh2 Ne8 15.exd6 Nxd6
16.f5 Bb7 17.fxe6 fxe6 18.Bf4 Rf6 19.Qe2 Nf5 20.Rad1 Raf8 21.Ne4 R6f7 22.c3 h6
23.Rd7 e5 24.Bc1 Bc8 25.Rd3 Be6 26.Nbd2 Na5 27.Rdf3 Nc4 28.Nb1 Qc7 29.R1f2 Bc5
30.Nxc5 Qxc5 31.g4 Nh4 32.Rxf7 Rxf7 33.Rxf7 Bxf7 34.b3 Nd6 35.b4 Qc7 36.Bh1 Nc4
37.Qf2 Ng6 38.Be4 Nf4 39.Nd2 Nd6 40.Bb1 Qxc3 41.Qf1 Bd5  0-1

[Event "ch-NED Open"]
[Site "Dieren NED"]
[Date "2003.07.29"]
[Round "7"]
[White "Ris,R"]
[Black "Van der Werf,M"]
[Result "1/2-1/2"]
[WhiteElo "2205"]
[BlackElo "2423"]

1.e4 c5 2.Nf3 e6 3.d4 cxd4 4.Nxd4 Nc6 5.Nc3 Qc7 6.Be2 a6 7.O-O Nf6 8.Be3 Bb4
9.Na4 Be7 10.Nxc6 bxc6 11.Nb6 Rb8 12.Nxc8 Qxc8 13.Bd4 c5 14.Be5 Rb6 15.Qd3 d6
16.Bc3 O-O 17.b3 d5 18.e5 Nd7 19.f4 c4 20.bxc4 Rc6 21.Qh3 Nb6 22.Bd3 g6 23.Kh1 Nxc4
24.Bd4 Bc5 25.Bxc5 Rxc5 26.g4 Nd2 27.Rf2 Ne4 28.Rg2 Rc3 29.Qh6 Qc7 30.Rf1 f6
31.f5 Qxe5 32.fxg6 Rc7 33.gxh7+ Rxh7 34.Qf4 Qxf4 35.Rxf4 e5 36.Bxe4 exf4
37.Bxh7+ Kxh7 38.Rf2 Kg6 39.Kg2 Kg5 40.h3 f5 41.Rd2 fxg4 42.Rxd5+ Kh4 43.hxg4 Kxg4
44.Rd6 Rc8 45.Rg6+ Kf5 46.Rxa6 Rxc2+ 47.Kf3 Rc3+ 48.Kf2 Kg4  1/2-1/2

[Event "ch-NED Open"]
[Site "Dieren NED"]
[Date "2003.07.29"]
[Round "7"]
[White "Pannekoek,W"]
[Black "Boel,M"]
[Result "0-1"]
[WhiteElo "2100"]
[BlackElo "2192"]

1.e4 c5 2.Nf3 e6 3.d4 cxd4 4.Nxd4 Nc6 5.Nc3 Qc7 6.Be2 a6 7.a3 Nf6 8.Be3 b5
9.Nxc6 dxc6 10.f4 e5 11.fxe5 Qxe5 12.Qd2 Bc5 13.O-O O-O 14.Bxc5 Qxc5+ 15.Kh1 Be6
16.Rae1 Qe5 17.Qc1 c5 18.Bf3 Ng4 19.Bxg4 Bxg4 20.Nd5 Be6 21.c3 Rfe8 22.Nf4 Rad8
23.Qe3 Bc4 24.Rf3 Qxe4 25.h3 Qxe3 26.Rfxe3 Rxe3 27.Rxe3 g6 28.Re5 Rd2 29.Rxc5 Rxb2
30.a4 Rd2 31.Rc6 Ra2 32.Rxa6 Rxa4 33.Rd6 Kg7 34.Nd5 Ra1+ 35.Kh2 Rd1  0-1

[Event "ch-SLO"]
[Site "Bled SLO"]
[Date "2003.08.04"]
[Round "3"]
[White "Drobne,M"]
[Black "Steiner,D"]
[Result "1/2-1/2"]
[WhiteElo "2011"]
[BlackElo "2215"]

1.e4 c5 2.Nf3 Nc6 3.d4 cxd4 4.Nxd4 e6 5.Nc3 Nf6 6.Be3 Qc7 7.Be2 a6 8.O-O Be7
9.f4 d6 10.Kh1 O-O 11.a4 Bd7 12.Nxc6 Bxc6 13.Bf3 b5 14.axb5 axb5 15.Qd3  1/2-1/2

[Event "World Youth Stars"]
[Site "Kirishi RUS"]
[Date "2003.08.04"]
[Round "3"]
[White "Nguyen Viet Tuong"]
[Black "Matlakov,M"]
[Result "1-0"]
[WhiteElo "2119"]
[BlackElo "2319"]

1.e4 c5 2.Nf3 Nc6 3.d4 cxd4 4.Nxd4 e6 5.Nc3 d6 6.Be2 Nf6 7.O-O Be7 8.Be3 O-O
9.Kh1 Qc7 10.f4 a6 11.Bf3 Bd7 12.g4 Nxd4 13.Bxd4 Bc6 14.g5 Nd7 15.Be3 b5
16.a3 a5 17.a4 b4 18.Nb5 Qb7 19.Qd3 Rad8 20.Rad1 Kh8 21.Kg2 f6 22.Nxd6 Qa8
23.Qc4 fxg5 24.Qxe6 Bxd6 25.Rxd6 Rde8 26.Rxc6 Rxe6 27.Rxe6 gxf4 28.Bd4 Re8
29.e5 Qd8 30.Rxe8+ Qxe8 31.Re1 Nf8 32.Re2 Ne6 33.Rd2 h5 34.Bf2 Qg6+ 35.Kf1 Qf5
36.Rd5 Qh3+ 37.Bg2 Qg4 38.h3 Qf5 39.Rd3 Qxe5 40.Rd5 Qf6 41.Rxh5+ Kg8 42.Bd5 Kf8
43.Be4 g5 44.Rh7 Qe5 45.Bd3 f3 46.Bc4 Qh2 47.Ke1 Qe5+ 48.Kf1 Qe4 49.Bd3 Qf4
50.Kg1 Qc1+ 51.Kh2 Qd2 52.Kg1 Nf4 53.Bc4 Ne2+ 54.Kf1 Qd1+ 55.Be1 Ng3+ 56.Kf2 Ne4+
57.Ke3 Qxe1+ 58.Kd4 Nd6 59.Bd5 f2  1-0

[Event "10th Summer Open"]
[Site "Nice FRA"]
[Date "2003.08.05"]
[Round "2"]
[White "Sanchez,Joseph"]
[Black "Perez,Fl"]
[Result "1-0"]
[WhiteElo "2410"]
[BlackElo "2222"]

1.e4 c5 2.Nf3 e6 3.d4 cxd4 4.Nxd4 Nc6 5.Nc3 Qc7 6.Be3 a6 7.Qd2 Nf6 8.f3 b5
9.g4 d6 10.O-O-O Bb7 11.Kb1 Ne5 12.Rg1 Rc8 13.h4 Nc4 14.Bxc4 Qxc4 15.Nb3 Qc7
16.Bf4 b4 17.Ne2 e5 18.Be3 a5 19.Ng3 a4 20.Nc1 a3 21.b3 d5 22.g5 Nd7 23.exd5 Bxd5
24.f4 Be6 25.Nd3 exf4 26.Nxf4 Bc5  1-0

[Event "Inline Czechia Cup"]
[Site "Olomouc CZE"]
[Date "2003.08.05"]
[Round "7"]
[White "Thinius,M"]
[Black "Ptacnikova,L"]
[Result "1-0"]
[WhiteElo "2325"]
[BlackElo "2215"]

1.e4 c5 2.Nf3 Nc6 3.Nc3 e6 4.d4 cxd4 5.Nxd4 Nf6 6.Nxc6 bxc6 7.e5 Nd5 8.Ne4 Qc7
9.f4 Qb6 10.c4 Bb4+ 11.Ke2 f5 12.exf6 Nxf6 13.Be3 Qb8 14.Nxf6+ gxf6 15.Kf2 Bd6
16.Qd2 c5 17.Be2 Bb7 18.Rhd1 Ke7 19.b4 Qc7 20.a3 a5 21.b5 Be4 22.Bf3 Bxf3
23.Kxf3 Rag8 24.g3 h5 25.Rg1 f5 26.h3 Rh7 27.Kf2 Ke8 28.Rad1 Bf8 29.a4 Qb6
30.Qd3 Rf7 31.Qe2 Rh7 32.Qf3 Be7 33.Rd3 h4 34.g4 fxg4 35.Rxg4 Rf8 36.Qe4 Rhf7
37.Ke2 Qb8 38.Bd2 Bd8 39.Kd1 Qc8 40.Kc2 Qb8 41.Kb3 Qc8 42.Kc2 Qb8 43.Rd5 Qb7
44.Qe2 Be7 45.Rh5 Qh1 46.Qd3 Qa1 47.Qb3 Bd6 48.b6 Ke7 49.Rhxh4 e5 50.fxe5 Bxe5
51.b7 Rf1 52.Rh7+ Ke6 53.Rg6+ Bf6 54.Qe3+ Kd6 55.Qe7+ Kc6 56.Qxd7+  1-0

[Event "Sunstar Park Open"]
[Site "Davos SUI"]
[Date "2003.08.06"]
[Round "5"]
[White "Vogt,L"]
[Black "Benkovic,P"]
[Result "1-0"]
[WhiteElo "2452"]
[BlackElo "2474"]

1.e4 c5 2.Nf3 e6 3.d4 cxd4 4.Nxd4 Nc6 5.Nc3 a6 6.g3 d6 7.Bg2 Bd7 8.O-O Nf6
9.Re1 Be7 10.Nxc6 Bxc6 11.a4 Qc7 12.Be3 O-O 13.a5 Rae8 14.Bb6 Qc8 15.Qd2 Nd7
16.Bd4 Qc7 17.Na4 Kh8 18.Nb6 e5 19.Nxd7 Qxd7 20.Bb6 Qe6 21.b3 g6 22.Qd3 Rc8
23.Rad1 Kg7 24.c4 h5 25.f4 Rh8 26.f5 gxf5 27.exf5 Qf6 28.h4 Kg8 29.Kh2 Kf8
30.Be4 Rg8 31.Be3 Qg7 32.Rg1 Ke8 33.Rdf1 Qg4 34.Bxc6+ Rxc6 35.f6 Bd8 36.Qd2 Rg6
37.Bg5 Qe6 38.Qb4 Qd7 39.Rg2 Rc5 40.Qc3 Qg4 41.Qd3 e4 42.Qxd6 Rc6 43.Qb8 Qc8
44.Qxc8 Rxc8 45.Re2 Rc6 46.Rxe4+ Kf8 47.Ref4 Bxa5 48.Rd1 b5 49.Rf5 Kg8 50.cxb5 axb5
51.Rxb5 Bc7 52.Rd3 Rc2+ 53.Kh3 Kh8 54.b4 Kh7 55.Rc5 Rxc5 56.bxc5 Be5 57.Rd7 Bxf6
58.Rxf7+ Bg7 59.Bf4 Kg8 60.Rf5 Bf8 61.Rxh5 Rc6 62.Be3 Kf7 63.Rf5+ Kg8 64.Kg4 Re6
65.Kf3 Be7 66.h5 Kg7 67.g4  1-0

[Event "It"]
[Site "Dortmund GER"]
[Date "2003.08.07"]
[Round "7"]
[White "Naiditsch,A"]
[Black "Kramnik,V"]
[Result "1/2-1/2"]
[WhiteElo "2574"]
[BlackElo "2785"]

1.e4 c5 2.Nf3 Nc6 3.Nc3 e6 4.d4 cxd4 5.Nxd4 a6 6.f4 Nxd4 7.Qxd4 Qc7 8.Be3 b5
9.Be2 Bb7 10.Bf3 Rc8 11.O-O Ne7 12.Kh1 Nc6 13.Qd3 Be7 14.Rad1 d6 15.a4 b4
16.Ne2 O-O 17.b3 a5 18.Rf2 Rfe8 19.Nd4 Nxd4 20.Bxd4 e5 21.Be3 Qc6 22.f5 Qc3
23.Qe2 Rc6 24.Rd3 Qa1+ 25.Rd1 Qc3 26.Rd3 Qa1+ 27.Rd1  1/2-1/2

[Event "HZ Open"]
[Site "Vlissingen NED"]
[Date "2003.08.07"]
[Round "7"]
[White "Stellwagen,D"]
[Black "Nisipeanu,LD"]
[Result "0-1"]
[WhiteElo "2462"]
[BlackElo "2666"]

1.e4 c5 2.Nf3 e6 3.d4 cxd4 4.Nxd4 Nc6 5.Nc3 Qc7 6.Be3 Nf6 7.Bd3 a6 8.O-O Nxd4
9.Bxd4 Bc5 10.Bxc5 Qxc5 11.Kh1 d6 12.f4 e5 13.Qe1 Be6 14.Rd1 exf4 15.Nd5 Nxd5
16.exd5 Qxd5 17.Rxf4 Qe5 18.Re4 Qf6 19.Qb4 O-O 20.Rf1 Qe7 21.Rfe1 Rae8 22.h3 Qc7
23.Rd4 Qc5 24.a3 a5 25.Qd2 g6 26.c3 Bd7 27.Rxe8 Rxe8 28.Be4 b6 29.Bf3 Qe5
30.Re4 Qg3 31.Rxe8+ Bxe8 32.Kg1 Bd7 33.Qf2 Qxf2+ 34.Kxf2 g5 35.Ke3 Be6 36.b4 Kg7
37.Kd4 f5 38.bxa5 bxa5 39.c4 Kf6 40.c5 dxc5+ 41.Kxc5 Ke5 42.Kb5 Bd5  0-1

[Event "Stork YM"]
[Site "Hengelo NED"]
[Date "2003.08.08"]
[Round "8"]
[White "Vasilkova,S"]
[Black "Middelburg,T"]
[Result "1/2-1/2"]
[WhiteElo "2347"]
[BlackElo "2396"]

1.e4 c5 2.Nf3 Nc6 3.Nc3 e6 4.d4 cxd4 5.Nxd4 Qc7 6.Be3 a6 7.f3 b5 8.Qd2 Bb7
9.O-O-O Rc8 10.Ndxb5 axb5 11.Nxb5 Qd8 12.Bb6 Bb4 13.Bxd8 Bxd2+ 14.Rxd2 Nxd8
15.Nd6+ Ke7 16.Nxc8+ Bxc8 17.a4  1/2-1/2

[Event "North Ural Cup"]
[Site "Krasnoturinsk RUS"]
[Date "2003.08.11"]
[Round "3"]
[White "Kovalevskaya,E"]
[Black "Skripchenko,A"]
[Result "1/2-1/2"]
[WhiteElo "2443"]
[BlackElo "2489"]

1.e4 c5 2.Nc3 e6 3.Nge2 Nc6 4.d4 cxd4 5.Nxd4 Qc7 6.Be3 Nf6 7.Bd3 a6 8.Qe2 Bd6
9.g3 O-O 10.Nxc6 dxc6 11.f4 e5 12.f5 b5 13.Bg5 Bb7 14.Nd1 Be7 15.Nf2 Rad8
16.O-O c5 17.Bxf6 Bxf6 18.b3 Rd4 19.c3 Rd6 20.c4 b4 21.Rad1 Rfd8 22.h4 Rd4
23.Bc2 Qe7 24.Ng4 h5 25.Nxf6+ Qxf6 26.Rxd4 Rxd4 27.Rd1 Qd6 28.Rxd4 Qxd4+
29.Kg2 g6 30.fxg6 fxg6 31.Qd3 Qxd3 32.Bxd3 Bc8 33.Kf2 Kg7 34.Be2 Kh6 35.Ke3 g5
36.Kf2 Bd7 37.Ke3 a5 38.Bd1 gxh4 39.gxh4 Bg4 40.Bxg4 hxg4 41.Kf2 Kg6  1/2-1/2

[Event "FSGM August"]
[Site "Budapest HUN"]
[Date "2003.08.12"]
[Round "11"]
[White "Todorovic,GM"]
[Black "Braun,A"]
[Result "1-0"]
[WhiteElo "2461"]
[BlackElo "2366"]

1.e4 c5 2.Nf3 e6 3.d4 cxd4 4.Nxd4 Nc6 5.Nc3 Qc7 6.Be3 a6 7.Qd2 Nf6 8.f3 Ne5
9.O-O-O b5 10.Kb1 Bb7 11.Nb3 b4 12.Na4 d5 13.exd5 Nxd5 14.Bd4 Nd7 15.c4 bxc3
16.Nxc3 N7f6 17.Bd3 Be7 18.Rc1 Qf4 19.Nxd5 Nxd5 20.Qe2 O-O 21.Be5 Qb4 22.Rc4 Qb6
23.Bd4 Qd8 24.Nc5 Bxc5 25.Bxc5 Re8 26.Qc2 h6 27.Ka1 a5 28.Bh7+ Kh8 29.Be4 Rc8
30.Bd4 Nb4 31.Bxg7+ Kg8 32.Qc1 Kxg7 33.Bxb7 Qd3 34.Bxc8  1-0

[Event "It"]
[Site "Lviv UKR"]
[Date "2003.08.13"]
[Round "5"]
[White "Oleksienko,M"]
[Black "Blot,J"]
[Result "1/2-1/2"]
[WhiteElo "2405"]
[BlackElo "2283"]

1.e4 c5 2.Nf3 e6 3.d4 cxd4 4.Nxd4 Nc6 5.Nc3 Qc7 6.Be3 a6 7.Be2 Nf6 8.O-O Bb4
9.Na4 Be7 10.Nxc6 bxc6 11.Nb6 Rb8 12.Nxc8 Qxc8 13.e5 Nd5 14.Bc1 Bc5 15.c4 Ne7
16.b3 Qc7 17.Bb2 Ng6 18.Qd3 O-O 19.Qe4 d6 20.exd6 Bxd6 21.g3 Be5 22.Bxe5 Nxe5
23.c5 a5 24.Qf4 Rb4 25.Bc4 Qb8 26.a3 Rb7 27.Qe4 Nd7 28.Qxc6 Rc8 29.Qf3 Rxc5
30.Rfd1 h6 31.Qe3  1/2-1/2

[Event "Jezero Open"]
[Site "Belgrade YUG"]
[Date "2003.08.14"]
[Round "1"]
[White "Vulin,M"]
[Black "Zmijanac,D"]
[Result "1-0"]
[WhiteElo "2090"]
[BlackElo "2258"]

1.e4 c5 2.Nf3 e6 3.d4 cxd4 4.Nxd4 Nc6 5.Nc3 Qc7 6.Be3 a6 7.Qd2 Nf6 8.f3 Ne5
9.O-O-O b5 10.Kb1 Bb7 11.g4 b4 12.Na4 d5 13.g5 Nfd7 14.b3 dxe4 15.f4 Ng4
16.Bc4 Nxe3 17.Qxe3 Nc5 18.Nb2 Bd6 19.Rhf1 O-O 20.h4 Rad8 21.f5 exf5 22.Nxf5 Ne6
23.Nxd6 Rxd6 24.h5 Rxd1+ 25.Rxd1 Qe5 26.g6 h6 27.gxf7+ Kh8 28.Qb6 Bc8 29.Rd6 Rxf7
30.Nd1 Rd7 31.Rxd7 Bxd7 32.Ne3 Qc5 33.Qb8+ Kh7 34.Nd5 Qg1+ 35.Kb2 Qd4+ 36.Kb1 Qd1+
37.Kb2 Qxh5 38.Qd6 Qf7 39.Nb6 Qf6+ 40.Kb1 Nf8 41.Qd5 Bc6 42.Qg8+ Kg6 43.Nd5 Bxd5
44.Qxd5 Qf5 45.Qd6+ Qf6 46.Qxb4 Nd7 47.Qb7 Ne5 48.Qc8  1-0

[Event "Jezero Open"]
[Site "Belgrade YUG"]
[Date "2003.08.15"]
[Round "2"]
[White "Maksimovic,Mir"]
[Black "Lapcevic,M"]
[Result "1/2-1/2"]
[WhiteElo "2265"]
[BlackElo "2119"]

1.e4 c5 2.Nf3 e6 3.d4 cxd4 4.Nxd4 Nc6 5.Nc3 Qc7 6.Be2 a6 7.O-O Nf6 8.Nxc6 bxc6
9.Be3 d5 10.exd5 cxd5 11.Na4 Bd6 12.h3 O-O 13.c4 Bb7 14.Rc1 dxc4 15.Rxc4 Qe7
16.Nb6 Rab8 17.Bf3 Rfd8 18.Qe2 Bc7 19.Bxb7 Rxb7 20.Na4 Nd5 21.Nc5 Qd6 22.g3 Rb5
23.Ne4 Qe5 24.Bd4 Qf5 25.Qg4 Qxg4 26.hxg4 Bb6 27.b3 Kf8 28.Nc3 Nxc3 29.Bxc3  1/2-1/2

[Event "Independence Cup"]
[Site "Kyiv UKR"]
[Date "2003.08.15"]
[Round "3"]
[White "Shkuran,D"]
[Black "Taborov,B"]
[Result "1-0"]
[WhiteElo "2404"]
[BlackElo "2446"]

1.e4 c5 2.Nf3 e6 3.d4 cxd4 4.Nxd4 Nc6 5.Nc3 Qc7 6.g3 a6 7.Bg2 d6 8.O-O Bd7
9.a4 Nf6 10.Nb3 b6 11.f4 Be7 12.g4 Bc8 13.g5 Nd7 14.Be3 O-O 15.Qe2 Re8 16.Rad1 Bf8
17.h4 Nc5 18.Nd4 Bb7 19.h5 Nxd4 20.Bxd4 e5 21.fxe5 Ne6 22.exd6 Nxd4 23.dxc7 Nxe2+
24.Nxe2 Rac8 25.Rd7 Re7 26.Rfd1 Rxc7 27.Rd8 Rc8 28.Nf4 Re8 29.Rxc8 Rxc8 30.e5 Bxg2
31.Kxg2 g6 32.c3 Be7 33.Nd5 Bxg5 34.Nxb6 Rc6 35.Rd6 Rxd6 36.exd6 f5 37.b4 Kf7
38.a5 Bd8 39.c4 Ke6 40.c5 g5 41.b5  1-0

[Event "II American Continental"]
[Site "Buenos Aires ARG"]
[Date "2003.08.17"]
[Round "1"]
[White "Alzate,D"]
[Black "Martinez Garcia,JoseJ"]
[Result "1-0"]
[WhiteElo "2426"]
[BlackElo "2172"]

1.e4 c5 2.Nf3 e6 3.d4 cxd4 4.Nxd4 Nc6 5.Nc3 Nf6 6.Ndb5 d6 7.Bf4 e5 8.Bg5 a6
9.Na3 b5 10.Bxf6 gxf6 11.Nd5 Be6 12.Bd3 Bg7 13.O-O f5 14.Qh5 f4 15.c3 Bxd5
16.exd5 Ne7 17.Rad1 Ng6 18.g3 Qf6 19.Nc2 O-O 20.Ne1 h6 21.Nf3 Rfc8 22.h4 Rc5
23.Be4 Rb8 24.g4 b4 25.g5 hxg5 26.hxg5 Qe7 27.Kg2 bxc3 28.bxc3 Rxc3 29.Rh1 Rb4
30.Rde1 Rb2 31.Rh3 Qa7 32.Rf1 Rxa2 33.Bxg6 fxg6 34.Qxg6 Rcc2 35.Qe8+ Bf8
36.Rh8+ Kxh8 37.Qxf8+ Kh7 38.Rh1+  1-0

[Event "9th Open"]
[Site "Pilsen-Lobzy CZE"]
[Date "2003.08.17"]
[Round "2"]
[White "Petr,Ma"]
[Black "Haba,P"]
[Result "0-1"]
[WhiteElo "2236"]
[BlackElo "2502"]

1.e4 c5 2.Nf3 e6 3.d4 cxd4 4.Nxd4 Nc6 5.Nc3 Qc7 6.Be3 a6 7.Qd2 Nf6 8.f3 Ne5
9.O-O-O Bb4 10.Nb3 b5 11.Bd4 Nc4 12.Qg5 Be7 13.e5 h6 14.Qxg7 Rg8 15.exf6 Rxg7
16.fxg7 Qf4+ 17.Nd2 Qg5 18.Ne4 Qg6 19.Nf6+ Bxf6 20.Bxf6 Bb7 21.Bd3 Qxf6 22.Nxc4 Ke7
23.Nb6 Rd8 24.Bxb5 Qg5+ 25.f4 Qxf4+ 26.Kb1 axb5 27.Rxd7+ Rxd7 28.g8=Q Rd8
29.Qg7 Rd6 30.a4 Rxb6 31.a5 Rd6 32.Qc3 Qc4 33.Qe3 Be4  0-1

[Event "II American Continental"]
[Site "Buenos Aires ARG"]
[Date "2003.08.18"]
[Round "2"]
[White "Fiori,H"]
[Black "Needleman,A"]
[Result "1/2-1/2"]
[WhiteElo "2037"]
[BlackElo "2434"]

1.e4 c5 2.Nf3 e6 3.d4 cxd4 4.Nxd4 Nc6 5.Nc3 Qc7 6.Be2 a6 7.O-O b5 8.Kh1 Bb7
9.f4 b4 10.Na4 Nxd4 11.Qxd4 Qxc2 12.Nb6 Rd8 13.Bd3 Bc5 14.Bxc2 Bxd4 15.Nc4 d5
16.Na5 Ba8 17.Bd2 dxe4 18.Ba4+ Ke7 19.Bxb4+ Kf6 20.Rad1 Ne7 21.Rxd4 Rxd4
22.Bc3 Nf5 23.g4  1/2-1/2

[Event "II American Continental"]
[Site "Buenos Aires ARG"]
[Date "2003.08.18"]
[Round "2"]
[White "Valerga,D"]
[Black "Caceres,S"]
[Result "0-1"]
[WhiteElo "2496"]
[BlackElo "2201"]

1.e4 c5 2.Nf3 e6 3.d4 cxd4 4.Nxd4 Nc6 5.Nc3 Qc7 6.Be3 a6 7.Qd2 Nf6 8.f3 Bb4
9.O-O-O Ne7 10.Nde2 d5 11.Bg5 dxe4 12.Bxf6 gxf6 13.Qh6 Nf5 14.Qh5 Bxc3 15.Nxc3 Qf4+
16.Kb1 exf3 17.gxf3 Qh4 18.Qxh4 Nxh4 19.Be2 Bd7 20.Ne4 Ke7 21.Nxf6 Bc6 22.Ne4 Rhg8
23.Rhg1 Rg6 24.Rg3 Nf5 25.Rh3 Rh6 26.Rxh6 Nxh6 27.Rg1 Bxe4 28.fxe4 Rg8 29.Rxg8 Nxg8
30.e5 Kf8 31.a4 Ne7 32.Ka2 Ng6 33.Bf3 b6 34.a5 bxa5 35.Kb3 Nxe5 36.Bb7 Ke7
37.Bxa6 f5 38.Ka4 Nc6 39.c3 Kd6 40.Kb5 e5 41.Bb7 Nd8 42.Bc8 Ne6 43.c4 f4
44.Kxa5 e4 45.b4 e3 46.c5+ Kc7 47.Ba6 f3  0-1

[Event "9th Open"]
[Site "Pilsen-Lobzy CZE"]
[Date "2003.08.18"]
[Round "3"]
[White "Gross,Dav CZE"]
[Black "Hrbolka,L sr"]
[Result "1/2-1/2"]
[WhiteElo "2451"]
[BlackElo "2174"]

1.e4 c5 2.Nf3 e6 3.d4 cxd4 4.Nxd4 Nc6 5.Nc3 Qc7 6.f4 a6 7.Nxc6 Qxc6 8.Bd3 b5
9.Qe2 Bb7 10.Bd2 Rc8 11.O-O Be7 12.a3 Nf6 13.Rae1 O-O 14.e5 Nd5 15.Ne4 f5
16.exf6 Nxf6 17.Ng5 Rce8 18.Kh1 g6 19.Rf3 Nh5 20.Ne4 Rf7 21.Ref1 Ref8 22.Kg1  1/2-1/2

[Event "Open"]
[Site "Vienna AUT"]
[Date "2003.08.18"]
[Round "3"]
[White "Koffler,D"]
[Black "Knitl,A"]
[Result "1/2-1/2"]
[WhiteElo "2071"]
[BlackElo "2176"]

1.e4 c5 2.Nf3 e6 3.d4 cxd4 4.Nxd4 Nc6 5.Nc3 Qc7 6.Be2 a6 7.O-O Nf6 8.Be3 Be7
9.f4 d6 10.a4 O-O 11.Kh1 Re8 12.Bf3 Bf8 13.g4 Nxd4 14.Bxd4 e5 15.Bg1 exf4
16.g5 Nd7 17.Nd5 Qd8 18.Qd2 Ne5 19.Qxf4 Bh3 20.Bg2 Bxg2+ 21.Kxg2 Rc8 22.c3 Re6
23.Bb6 Qe8 24.Kh1 Ng6 25.Qf3 Rxe4 26.Bd4 Qe6 27.Ne3 Re8 28.Ng2 d5 29.Rae1 Nh4
30.Rxe4 dxe4 31.Qe2 Nf3 32.Nf4 Nxd4 33.cxd4 Qd7 34.b3 Qxd4 35.Rd1 Qe5 36.Qg4 e3
37.Ne2 Bd6 38.Qg2 Bb8 39.Ng3 b5 40.Qc6 bxa4 41.bxa4 e2 42.Re1 Qe6 43.Qxe6 Rxe6
44.Nxe2 Kf8 45.Rb1 Be5 46.Ng3 Bf4 47.Kg2 Bxg5 48.Kf3 g6 49.Ne4 Be7 50.Rb8+ Kg7
51.Rb7 g5 52.h3 Kg6 53.Rb8 Rc6 54.Rg8+ Kf5 55.Rg7 Ke6 56.Nxg5+ Bxg5 57.Rxg5 Rc3+
58.Kg2  1/2-1/2

[Event "ADCF Masters"]
[Site "Abu Dhabi UAE"]
[Date "2003.08.19"]
[Round "4"]
[White "Kotsur,P"]
[Black "Neverov,V"]
[Result "1/2-1/2"]
[WhiteElo "2540"]
[BlackElo "2566"]

1.e4 c5 2.Nc3 Nc6 3.Nge2 e6 4.d4 cxd4 5.Nxd4 Qc7 6.Be2 a6 7.O-O Nf6 8.Kh1 Bc5
9.Be3 d6 10.Qd2 Nxd4 11.Bxd4 Bxd4 12.Qxd4 e5 13.Qa4+ Bd7 14.Bb5 Bc6 15.f4 exf4
16.Bxc6+ Qxc6 17.Qd4 Qc5 18.Rad1 Qxd4 19.Rxd4 O-O-O 20.Rxf4 Rhe8 21.h3 Re5
22.Kh2 Kd7 23.g4 h6 24.Kg3 Rc8 25.Rf5  1/2-1/2

[Event "II American Continental"]
[Site "Buenos Aires ARG"]
[Date "2003.08.19"]
[Round "3"]
[White "Rodriguez,And URU"]
[Black "Vescovi,G"]
[Result "1/2-1/2"]
[WhiteElo "2485"]
[BlackElo "2618"]

1.e4 c5 2.Nc3 Nc6 3.Nge2 e6 4.d4 cxd4 5.Nxd4 Qc7 6.g3 a6 7.Bg2 Nf6 8.O-O d6
9.Re1 Nd7 10.a4 Be7 11.a5 O-O 12.Nb3 b6 13.axb6 Nxb6 14.Na4 Bb7 15.Bd2 Nc4
16.Bc3 N6e5 17.Nd4 Nd7 18.b3 Nce5 19.Qd2 Rac8 20.Re3 Rfe8 21.Rd1 Nc6 22.Ne2 Nf6
23.Nf4 Ng4 24.Re2 Nge5 25.h3 Bf8 26.Nh5 Qe7 27.Nb6 Rcd8 28.Qc1 g6 29.Nf4 Qc7
30.Nbd5 exd5 31.Nxd5 Qc8 32.Nf6+ Kg7 33.Nxe8+ Rxe8 34.f4 Kg8 35.fxe5 dxe5
36.Kh2 Bc5 37.Qa1 Nd4 38.Bxd4 Bxd4 39.Rxd4 exd4 40.Qxd4 Qc7 41.c4 a5 42.c5 Rd8
43.Qc3 Ba6 44.Re3 Rc8 45.Qf6 Bb7 46.Rd3 Ba8 47.Qd6 Kg7 48.Qd4+ Kg8 49.h4 Bc6
50.Qf6 a4 51.h5 gxh5 52.bxa4 Ba8 53.Bh3 Rf8 54.Qg5+ Kh8  1/2-1/2